[Event "IIFL Wealth 4th Mumbai GM"]
[Site "Mumbai"]
[Date "2019.01.02"]
[Round "4"]
[White "Gandhi, Anish"]
[Black "Sarwat, Walaa"]
[Result "*"]
[WhiteElo "2134"]
[BlackElo "2276"]
[Annotator "TA"]
[PlyCount "45"]
[EventDate "2018.12.30"]
[EventType "swiss"]
[EventCountry "IND"]
[SourceTitle "playchess.com"]
[Source "ChessBase"]
[SourceQuality "1"]

{[%evp 20,45,36,15,36,26,70,50,65,51,62,57,57,68,73,64,58,67,67,58,61,-21,64,-190,64,-225,85,-342]} 1. e4 e5 2. Bb5 Nc6 3. Ba4 a6 4. Nf3 Nf6 5. O-O Be7 6. d3 b5 7. Bb3 d6 8. a3 O-O 9. Nc3 Be6 {C77: Ruy Lopez: 3...a6 4 Ba4 Nf6, unusual lines} (9... Na5 10. Ba2 Be6 11. b4 Bxa2 12. Rxa2 Nc6 13. Bg5 Ng4 14. Bd2 Nf6 15. Re1 Qd7 16. Nd5 Nxd5 17. exd5 {½-½ (30) Naiditsch,A (2721)-Wojtaszek,R (2727) Douglas 2018}) 10. Nd5 Bxd5 11. exd5 {LiveBook: 7 Games} Nb8 {The position is equal.} 12. Re1 Nfd7 13. d4 Bf6 14. a4 bxa4 15. Bxa4 exd4 $1 16. Nxd4 Nc5 $146 ({Predecessor:} 16... Nb6 17. Nc6 {1-0 (39) Berg,E (2547)-Ziegler,A (2330) Halmstad 2014}) 17. Be3 Nxa4 18. Rxa4 Qc8 19. Qd3 Qb7 20. b3 (20. c4 $14) 20... Nd7 (20... Qxd5 $11 21. Nb5 Qb7) 21. Rd1 $2 {[%mdl 8192] [#]} (21. Nc6 $14) 21... Rfe8 $2 (21... Qxd5 22. Nf3 $15) (21... Nc5 $19 22. Qc4 Nxa4 23. bxa4 Bxd4 24. Bxd4 f6) 22. h3 $2 {[%mdl 8192]} (22. Nc6 $14 {stays ahead.}) 22... h5 $2 ({Not} 22... Qxd5 23. Rxa6 Rxa6 24. Qxa6 $11) (22... Nc5 $19 23. Qc4 Nxa4 24. bxa4 Re4) 23. g4 $2 {[%mdl 8192] Accuracy: White = 23%, Black = 34%.} (23. Nc6 $16 {and life is bright.}) *

[Event "IIFL Wealth 4th Mumbai GM"]
[Site "Mumbai"]
[Date "2019.01.02"]
[Round "4"]
[White "Vatsal Singhania"]
[Black "Ritviz, Parab"]
[Result "0-1"]
[WhiteElo "2130"]
[BlackElo "2338"]
[Annotator "TA"]
[PlyCount "80"]
[EventDate "2018.12.30"]
[EventType "swiss"]
[EventCountry "IND"]
[SourceTitle "playchess.com"]
[Source "ChessBase"]
[SourceQuality "1"]

{[%evp 21,80,28,42,12,8,0,16,17,25,-49,-62,-59,-54,-89,-43,-55,-36,-42,-27,-33,-43,-58,-55,-61,-43,-53,-52,-52,-49,-51,-48,-55,-57,-81,-86,-96,-89,-87,-102,-110,-101,-121,-132,-131,-65,-72,-64,-66,-77,-110,-106,-1027,-1008,-2253,-2234,-29985,-29974,-29985,-29986,-29982,-1708]} 1. Nf3 Nf6 2. g3 d5 3. Bg2 e6 4. d4 Be7 5. O-O O-O 6. c4 dxc4 7. Qc2 a6 8. a4 Nc6 9. Qxc4 Bd7 {E05: Open Catalan: 5 Nf3 Be7} (9... Qd5 10. Nbd2 Rd8 11. e3 Qh5 12. Ne1 e5 13. dxe5 Ng4 14. Ndf3 Be6 15. Qc2 Bf5 16. Qb3 Be4 17. h3 Ngxe5 18. g4 Qg6 19. a5 {1-0 (35) Mareco,S (2606)-Zhigalko,A (2591) Baku 2016}) 10. Ne5 Nxe5 11. dxe5 Nd5 $1 {LiveBook: 11 Games. White has an edge.} 12. Bxd5 exd5 13. Qxd5 Qc8 14. Nc3 Rd8 $146 ({Predecessor:} 14... Bc6 15. Qc4 Qf5 16. Bf4 g5 17. e4 Qe6 18. Qxe6 fxe6 19. Be3 g4 {½-½ (19) Antic,D (2450)-Radulski,J (2493) Leposavic 2003}) 15. Re1 ({White should try} 15. Qc4 $11) 15... Bxa4 $15 16. Qc4 Bc6 $36 {[%mdl 2048] White is under pressure.} 17. e4 Qd7 18. Be3 b5 19. Qb3 Bb7 20. f3 c5 21. Rad1 Qe6 22. Qxe6 fxe6 23. Kf2 Bc6 24. Rxd8+ Rxd8 25. Ra1 Bb7 26. Ke2 Kf7 27. Rc1 a5 {[%cal Ba6a5,Ba5a4][%mdl 32]} 28. Kf2 Ba6 29. Ra1 {[#]} a4 $1 30. f4 g6 31. g4 Rd3 32. f5 Bh4+ (32... c4 $17 {...a3! is the strong threat.} 33. Ra2 {[#]} a3 $1 {[%mdl 512]} 34. fxe6+ Kxe6) 33. Ke2 b4 {[%cal Bb5b4,Bb4c3][%mdl 32]} 34. Rxa4 Rd6+ $1 ({Wrong is} 34... bxc3 $2 35. Rxa6 cxb2 36. Rb6 $18) 35. Kf3 bxc3 36. b4 $2 {[%mdl 8192]} (36. bxc3 $17 Rc6 37. f6) 36... Rd3 $19 {Hoping for ...c2.} 37. fxe6+ Ke7 38. Kf4 {[#]} Rxe3 $1 {[%mdl 576] Deflection. Black mates.} 39. Kxe3 Bg5+ 40. Kf2 Bc4 {Accuracy: White = 46%, Black = 61%.} (40... c2 $142 41. Rxa6 c1=Q 42. b5 Qd2+ 43. Kf3 Be3 44. Ra2 Qxa2 45. Kxe3 Qb3+ 46. Kf4 c4 47. b6 c3 48. Ke3 c2+ 49. Kd2 Qb2 50. Ke3 c1=Q+ {[%mdl 64] Discovered Attack} 51. Kf3 Qcc3+ {[%mdl 64] Double Attack} 52. Kf4 Qbd2#) 0-1

[Event "IIFL Wealth 4th Mumbai GM"]
[Site "Mumbai"]
[Date "2019.01.02"]
[Round "4"]
[White "Pranesh M"]
[Black "Ameir, Moheb"]
[Result "1-0"]
[WhiteElo "2125"]
[BlackElo "2327"]
[Annotator "TA"]
[PlyCount "53"]
[EventDate "2018.12.30"]
[EventType "swiss"]
[EventCountry "IND"]
[SourceTitle "playchess.com"]
[Source "ChessBase"]
[SourceQuality "1"]

{[%evp 18,53,81,73,76,62,171,194,170,89,112,40,53,44,58,38,33,33,36,24,30,0,105,106,104,75,265,266,259,260,358,358,470,444,475,463,775,760]} 1. e4 c5 2. Nf3 e6 3. Nc3 a6 4. g3 b5 5. Bg2 Bb7 6. d4 cxd4 7. Nxd4 Nf6 8. a3 b4 {B43: Sicilian: Kan Variation: 5 Nc3} (8... d6 9. O-O Nbd7 10. Re1 Ne5 11. f4 Nc4 12. b3 Nb6 13. a4 bxa4 14. Nxa4 Nxa4 15. Rxa4 Qd7 16. Bb2 {1-0 (41) Hovhannisyan,R (2553)-Andreikin,D (2687) ICC INT 2011}) 9. axb4 Bxb4 {[#]} 10. O-O $1 {LiveBook: 4 Games} d6 {White is better.} 11. Bg5 Qc7 (11... Nbd7 $14) 12. Bxf6 $18 gxf6 13. Na4 $146 (13. Qh5 $18 Kd8 14. Nce2) ({Predecessor:} 13. Qh5 Qc4 14. Rfd1 Nc6 15. Bf1 Qc5 16. Qxc5 dxc5 17. Nxc6 Bxc6 18. Rxa6 Rxa6 19. Bxa6 Bxc3 20. bxc3 Bxe4 {½-½ (34) Croce,F-Caridi,N Italy 1974}) 13... Nd7 $16 14. Qg4 (14. c3 $16 Bc5 15. Nxc5 Nxc5 16. Qe2) 14... h5 $1 $14 {[%cal Rh5g4]} 15. Qe2 h4 16. c3 $36 {[%mdl 2048] White has good play.} Bc5 17. Nxc5 dxc5 18. Nb3 {[%cal Bd4b3,Bb3a5,Ba5b7][%mdl 32]} hxg3 19. fxg3 Ke7 {[#]} (19... a5 $11) 20. Na5 $1 $16 {[%cal Ra5b7]} Ne5 21. Qf2 Ng4 $2 (21... Rh6 $16 {keeps fighting.}) 22. Qf4 Qxf4 23. Rxf4 Ne5 24. Nxb7 c4 25. Rf2 {White is clearly winning.} Rhb8 26. Na5 Nd3 (26... Rd8 $142 27. Bf1 Rac8) 27. Nc6+ {[%mdl 64] Double Attack. Accuracy: White = 38%, Black = 39%.} 1-0

[Event "IIFL Wealth 4th Mumbai GM"]
[Site "Mumbai"]
[Date "2019.01.02"]
[Round "4"]
[White "Saksham Rautela"]
[Black "Ziatdinov, Raset"]
[Result "1-0"]
[WhiteElo "2123"]
[BlackElo "2252"]
[Annotator "NA"]
[PlyCount "113"]
[EventDate "2018.12.30"]
[EventType "swiss"]
[EventCountry "IND"]
[SourceTitle "playchess.com"]
[Source "ChessBase"]
[SourceQuality "1"]
[TimeControl "40/5400+30:1800+30"]

1. e4 {[%emt 0:00:00]} e5 {[%emt 0:00:00]} 2. Nf3 {[%emt 0:00:00]} Nc6 {[%emt 0:00:00]} 3. Bb5 {[%emt 0:00:00]} a6 {[%emt 0:00:16]} 4. Bxc6 {[%emt 0:00:00]} dxc6 {[%emt 0:00:02]} 5. O-O {[%emt 0:00:02]} Bg4 {[%emt 0:01:51]} 6. h3 {[%emt 0:00:10]} Bxf3 {[%emt 0:00:10]} 7. Qxf3 {[%emt 0:00:03]} Ne7 {[%emt 0:00:14]} 8. d3 {[%emt 0:02:18] LiveBook: 3 Games C68: Ruy Lopez: Exchange Variation, sidelines} Ng6 {[%emt 0:00:06]} 9. Nd2 {[%emt 0:02:23]} b5 $146 {[%emt 0:01:05]} ({Predecessor:} 9... Bd6 10. Nc4 O-O 11. Qg3 f5 12. exf5 Rxf5 13. Qg4 Rf7 14. Bg5 Qf8 15. Rae1 Re8 {1-0 (26) Novikov,S (2536)-Lagno,K (2523) Moscow 2015}) 10. Rd1 {[%emt 0:04:09]} Bd6 {[%emt 0:00:34]} 11. Nf1 {[%emt 0:01:42]} O-O {[%emt 0:07:02]} 12. Ng3 {[%emt 0:00:17]} c5 {[%emt 0:00:30]} 13. Qg4 {[%emt 0:08:04]} Qh4 {[%emt 0:01:33]} 14. Qf3 {[%emt 0:10:19]} Ne7 {[%emt 0:03:42]} 15. Nf5 {[%emt 0:08:15]} Nxf5 {[%emt 0:00:09]} 16. Qxf5 {[%emt 0:00:12]} Qe7 {[%emt 0:03:14]} 17. Be3 {[%emt 0:03:10]} g6 {[%emt 0:00:49]} 18. Qg4 {[%emt 0:01:14]} Kh8 {[%emt 0:02:43]} 19. Bh6 {[%emt 0:03:47]} Rg8 {[%emt 0:00:03]} 20. f4 {[%emt 0:03:46]} f6 {[%emt 0:03:23]} 21. Rf1 {[%emt 0:05:11]} c4 {[%emt 0:09:00]} 22. Rad1 Rad8 {[%emt 0:02:59]} 23. Kh1 {[%emt 0:09:43]} cxd3 {[%emt 0:15:33]} 24. Rxd3 {[%emt 0:00:51]} exf4 {[%emt 0:04:09]} 25. Bxf4 {[%emt 0:00:34]} Be5 {[%emt 0:01:08]} 26. Bxe5 {[%emt 0:13:44]} Qxe5 {[%emt 0:00:13]} 27. Qf4 {[%emt 0:05:56]} Qxf4 {[%emt 0:04:19]} 28. Rxf4 {[%emt 0:00:01]} Rxd3 {[%emt 0:00:27]} 29. cxd3 {[%emt 0:00:01]} Kg7 {[%emt 0:00:11]} 30. Rf2 {[%emt 0:02:46]} c5 {[%emt 0:01:23]} 31. Rc2 {[%emt 0:02:32]} Rc8 {[%emt 0:01:26]} 32. Kg1 {[%emt 0:00:18]} Kf7 {[%emt 0:00:59]} 33. Kf2 {[%emt 0:02:33]} Ke6 {[%emt 0:00:13]} 34. b4 {[%emt 0:02:26]} Kd6 {[%emt 0:00:24]} 35. Ke3 {[%emt 0:01:42]} Rc6 {[%emt 0:02:33]} 36. Rf2 {[%emt 0:01:53]} Ke5 {[%emt 0:18:20]} 37. bxc5 {[%emt 0:01:23]} Rc8 {[%emt 0:00:57]} 38. Rb2 {[%emt 0:03:30]} f5 {[%emt 0:00:23]} 39. d4+ {[%emt 0:00:19]} Ke6 {[%emt 0:00:08]} 40. a4 {[%emt 0:00:00]} Rb8 {[%emt 0:00:00]} 41. axb5 {[%emt 0:04:39]} axb5 {[%emt 0:00:27]} 42. h4 {[%emt 0:03:11]} h6 {[%emt 0:06:05]} 43. h5 {[%emt 0:01:15]} gxh5 {[%emt 0:00:35]} 44. Rf2 {[%emt 0:00:47]} fxe4 {[%emt 0:01:51]} 45. Kxe4 {[%emt 0:00:01]} b4 {[%emt 0:00:16]} 46. d5+ {[%emt 0:00:10]} Ke7 {[%emt 0:00:53]} 47. Ke5 $18 {[%emt 0:15:29]} b3 {[%emt 0:00:14]} 48. d6+ {[%emt 0:00:30]} Kd7 {[%emt 0:00:25]} 49. Kd5 {[%emt 0:00:49]} b2 {[%emt 0:01:12]} 50. c6+ {[%emt 0:00:03]} Ke8 {[%emt 0:00:06]} 51. d7+ {[%emt 0:00:52]} Ke7 {[%emt 0:00:14]} 52. Re2+ {[%emt 0:00:04]} Kf7 {[%emt 0:00:07]} 53. Rxb2 {[%emt 0:00:16]} Rxb2 {[%emt 0:00:07]} 54. c7 {[%emt 0:00:03]} Rd2+ {[%emt 0:00:29]} 55. Kc6 {[%emt 0:00:37]} Ke7 {[%emt 0:01:11]} 56. c8=Q {[%emt 0:00:14]} Rc2+ {[%emt 0:01:11]} 57. Kb5 {[%emt 0:00:24]} 1-0

[Event "IIFL Wealth 4th Mumbai GM"]
[Site "Mumbai"]
[Date "2019.01.02"]
[Round "4"]
[White "Mahindrakar Indrajeet"]
[Black "Srija, Seshadri"]
[Result "0-1"]
[WhiteElo "2106"]
[BlackElo "2210"]
[Annotator "NA"]
[PlyCount "124"]
[EventDate "2018.12.30"]
[EventType "swiss"]
[EventCountry "IND"]
[SourceTitle "playchess.com"]
[Source "ChessBase"]
[SourceQuality "1"]
[TimeControl "40/5400+30:1800+30"]

1. e4 {[%emt 0:01:06]} e5 {[%emt 0:00:00]} 2. Nf3 {[%emt 0:00:07]} Nc6 {[%emt 0:00:00]} 3. Bb5 {[%emt 0:00:06]} g6 {[%emt 0:00:00]} 4. O-O {[%emt 0:02:53]} Bg7 {[%emt 0:00:35]} 5. c3 {[%emt 0:00:58]} a6 {[%emt 0:00:24]} 6. Ba4 {[%emt 0:01:10]} Nge7 {[%emt 0:01:55]} 7. d4 {[%emt 0:00:55]} exd4 {[%emt 0:00:09]} 8. cxd4 {[%emt 0:00:32]} b5 {[%emt 0:00:12] C60: Ruy Lopez: Unusual Black 3rd moves and 3...g6} 9. Bb3 {[%emt 0:00:51]} d6 {[%emt 0:00:21]} (9... O-O 10. Nc3 d6 11. h3 Na5 12. Bc2 c5 13. dxc5 dxc5 14. Qxd8 Rxd8 {0-1 (65) Vachier Lagrave,M (2789)-Mamedyarov,S (2808) Leuven 2018}) 10. h3 {[%emt 0:04:26]} O-O {[%emt 0:00:25]} 11. Re1 {[%emt 0:01:44]} Na5 {[%emt 0:02:05]} 12. Bc2 {[%emt 0:00:40]} c5 {[%emt 0:01:01]} 13. Nc3 {[%emt 0:05:06]} Bb7 {[%emt 0:06:41]} 14. Bg5 {[%emt 0:13:57]} h6 {[%emt 0:05:32]} 15. Bf4 {[%emt 0:11:59]} Rc8 {[%emt 0:11:44]} 16. dxc5 $146 {[%emt 0:04:31]} ({Predecessor:} 16. Qd3 Nec6 17. d5 {0-1 (33) Dmochowska,A (1913)-Bartos,J (2159) Marianske Lazne 2015}) 16... dxc5 {[%emt 0:00:12]} 17. Qc1 {[%emt 0:00:48]} g5 {[%emt 0:02:07]} 18. Be5 {[%emt 0:05:15]} f6 {[%emt 0:09:24]} 19. Bh2 {[%emt 0:01:21]} Nc4 {[%emt 0:07:15]} 20. Bb3 {[%emt 0:03:19]} f5 {[%emt 0:18:50]} 21. Be5 {[%emt 0:08:19]} g4 {[%emt 0:04:33]} 22. Bxc4+ {[%emt 0:14:32]} bxc4 {[%emt 0:00:02]} 23. Bxg7 {[%emt 0:02:48]} Kxg7 {[%emt 0:00:07]} 24. hxg4 {[%emt 0:03:30]} fxg4 {[%emt 0:00:08]} 25. Nh4 {[%emt 0:00:27]} Qd4 {[%emt 0:04:31]} 26. Qe3 {[%emt 0:03:09]} Qxe3 {[%emt 0:08:26]} 27. Rxe3 {[%emt 0:00:09]} Rcd8 {[%emt 0:00:09]} 28. Rae1 {[%emt 0:03:33]} Bc6 {[%emt 0:03:02]} 29. Rg3 {[%emt 0:01:01]} h5 {[%emt 0:00:14]} 30. f3 {[%emt 0:02:31]} Rd3 {[%emt 0:00:17]} 31. Kh2 {[%emt 0:00:15]} Bd7 {[%emt 0:00:48]} 32. fxg4 {[%emt 0:02:05]} hxg4 {[%emt 0:00:34]} 33. Rxd3 {[%emt 0:00:22]} cxd3 {[%emt 0:00:08]} 34. Kg3 {[%emt 0:00:06]} Nc6 {[%emt 0:02:40]} 35. b3 {[%emt 0:01:07]} Ne5 {[%emt 0:01:04]} 36. Rd1 {[%emt 0:00:39]} Kh6 {[%emt 0:01:08]} 37. Nd5 {[%emt 0:00:51]} Kg5 {[%emt 0:01:10]} 38. Nc3 {[%emt 0:00:56]} Rh8 {[%emt 0:01:28]} 39. Nf5 {[%emt 0:00:31]} Bxf5 {[%emt 0:00:12]} 40. exf5 {[%emt 0:00:00]} Kxf5 {[%emt 0:00:00]} 41. Rf1+ {[%emt 0:08:47]} Ke6 {[%emt 0:01:28]} 42. Re1 {[%emt 0:01:44]} Rd8 {[%emt 0:06:38]} (42... Rf8 $17 43. Rh1 d2 44. Rh6+ Kd7) 43. Kf4 $1 {[%emt 0:03:50]} Rf8+ {[%emt 0:01:49]} 44. Kg3 $2 {[%emt 0:01:17]} (44. Ke3 $11) 44... Rf5 $17 {[%emt 0:04:13]} (44... Kd6 $19 {is more deadly.} 45. Re4 Rf1) 45. Rh1 {[%emt 0:01:27]} Kd7 {[%emt 0:10:51]} 46. Rh7+ {[%emt 0:01:46]} Ke6 {[%emt 0:05:57]} 47. Rh6+ {[%emt 0:03:06]} Kf7 {[%emt 0:01:33]} 48. Rxa6 {[%emt 0:01:47]} Rf1 {[%emt 0:00:09]} 49. Ne4 {[%emt 0:02:20]} Re1 {[%emt 0:03:56]} 50. Kf4 {[%emt 0:01:41]} Ng6+ {[%emt 0:00:11]} 51. Kf5 {[%emt 0:02:02]} Nh4+ {[%emt 0:00:13]} 52. Kf4 {[%emt 0:02:42]} Nxg2+ {[%emt 0:00:09]} 53. Kf5 {[%emt 0:00:27]} Nh4+ {[%emt 0:00:13]} 54. Kf4 {[%emt 0:00:51]} Ng6+ {[%emt 0:00:51]} 55. Kf5 {[%emt 0:00:21]} Ne7+ {[%emt 0:00:17]} 56. Kf4 {[%emt 0:01:20]} g3 {[%emt 0:01:29]} 57. Ng5+ {[%emt 0:01:37]} Kg7 {[%emt 0:02:53]} 58. Rd6 {[%emt 0:01:20]} g2 {[%emt 0:01:09]} 59. Nh3 {[%emt 0:01:42]} Rh1 {[%emt 0:00:18]} 60. Kg3 {[%emt 0:00:19]} Nf5+ {[%emt 0:00:59]} 61. Kxg2 {[%emt 0:00:20]} Nxd6 {[%emt 0:00:26]} 62. Kxh1 {[%emt 0:00:16]} Ne4 {[%emt 0:00:05]} 0-1

[Event "IIFL Wealth 4th Mumbai GM"]
[Site "Mumbai"]
[Date "2019.01.02"]
[Round "4"]
[White "Kavinda, Akila"]
[Black "Banerjee, Sushant"]
[Result "1/2-1/2"]
[WhiteElo "2092"]
[BlackElo "2198"]
[Annotator "NA"]
[PlyCount "103"]
[EventDate "2018.12.30"]
[EventType "swiss"]
[EventCountry "IND"]
[SourceTitle "playchess.com"]
[Source "ChessBase"]
[SourceQuality "1"]
[TimeControl "40/5400+30:1800+30"]

1. d4 {[%emt 0:00:00]} Nf6 {[%emt 0:00:00]} 2. Nf3 {[%emt 0:00:00]} c5 {[%emt 0:00:00]} 3. d5 {[%emt 0:02:28]} e6 {[%emt 0:00:04]} 4. Nc3 {[%emt 0:00:11]} exd5 {[%emt 0:02:23]} 5. Nxd5 {[%emt 0:00:05]} Nxd5 {[%emt 0:00:54]} 6. Qxd5 {[%emt 0:00:05]} Nc6 {[%emt 0:00:03]} 7. Bg5 {[%emt 0:22:14]} Be7 {[%emt 0:00:17] A43: Schmid Benoni} 8. c3 {[%emt 0:10:24]} (8. a3 Qa5+ 9. Bd2 Qb6 10. Bc3 d6 11. Ng5 Nd8 12. O-O-O Ne6 13. Ne4 O-O 14. e3 Nc7 15. Qh5 {1-0 (39) Svane,R (2587)-Nikolovski,N (2412) Tarvisio 2017}) 8... d6 {[%emt 0:05:41] LiveBook: 6 Games} 9. Bxe7 {[%emt 0:23:09]} Nxe7 $146 {[%emt 0:02:16]} ({Predecessor:} 9... Qxe7 10. g3 Be6 11. Qd2 d5 12. Bg2 Rd8 13. O-O O-O 14. Rfe1 Bf5 15. Rad1 {½-½ (31) Siebrecht,S (2394)-Gubajdullin,A (2413) Moscow 2006}) 10. Qg5 {[%emt 0:03:00]} Qb6 {[%emt 0:06:26]} 11. Qd2 {[%emt 0:08:09]} Bf5 {[%emt 0:06:35]} 12. g3 {[%emt 0:00:32]} O-O {[%emt 0:02:38]} 13. Bg2 {[%emt 0:00:14]} d5 {[%emt 0:01:43]} 14. O-O {[%emt 0:01:10]} Rad8 {[%emt 0:01:04]} 15. Rfd1 {[%emt 0:04:54]} Rfe8 {[%emt 0:02:55]} 16. Ne5 {[%emt 0:06:06]} Qf6 {[%emt 0:18:38]} 17. Nd3 {[%emt 0:00:22]} b6 {[%emt 0:00:59]} 18. Nf4 {[%emt 0:01:41]} d4 {[%emt 0:02:45]} 19. e4 {[%emt 0:03:12]} Bg4 {[%emt 0:03:28]} 20. f3 {[%emt 0:00:13]} Bc8 {[%emt 0:01:49]} 21. c4 {[%emt 0:00:39]} Qd6 {[%emt 0:03:50]} 22. Nd3 {[%emt 0:00:49]} f5 {[%emt 0:05:08]} 23. e5 {[%emt 0:00:41]} Qe6 {[%emt 0:00:11]} 24. b3 {[%emt 0:02:10]} f4 {[%emt 0:01:10]} 25. Qxf4 {[%emt 0:01:46]} Ng6 {[%emt 0:06:06]} 26. Qg5 {[%emt 0:00:28]} Nxe5 {[%emt 0:02:09]} 27. Re1 {[%emt 0:00:51]} Nf7 {[%emt 0:00:09]} 28. Qd2 {[%emt 0:06:24]} Qd7 {[%emt 0:02:10]} 29. Rxe8+ {[%emt 0:00:10]} Rxe8 {[%emt 0:00:06]} 30. Re1 {[%emt 0:00:05]} Bb7 {[%emt 0:02:56]} 31. Bh3 {[%emt 0:02:19]} Qd8 32. Be6 {[%emt 0:00:38]} Rxe6 {[%emt 0:01:08]} 33. Rxe6 {[%emt 0:00:04]} Ng5 {[%emt 0:00:06]} 34. Qe2 {[%emt 0:01:08]} Kf8 {[%emt 0:04:15]} 35. f4 {[%emt 0:00:24]} Nxe6 {[%emt 0:02:44]} 36. Qxe6 {[%emt 0:00:03]} Qf6 {[%emt 0:00:22]} 37. Qxf6+ {[%emt 0:00:59]} gxf6 {[%emt 0:00:05]} 38. Kf2 {[%emt 0:00:31]} Be4 {[%emt 0:00:28]} 39. Nc1 {[%emt 0:00:30]} f5 {[%emt 0:05:10]} 40. Ke2 {[%emt 0:00:00]} Ke7 {[%emt 0:00:00]} 41. Kd2 {[%emt 0:07:41]} Kd6 {[%emt 0:03:48]} 42. Ne2 {[%emt 0:03:50] [#]} Kc6 $1 {[%emt 0:02:45]} 43. a4 {[%emt 0:01:07]} Kd6 {[%emt 0:02:49]} 44. Ng1 $17 {[%emt 0:00:45] [#]} Ke6 {[%emt 0:02:20]} ({Black should try} 44... Bg2 $1 $17) 45. Nh3 {[%emt 0:01:29]} h6 {[%emt 0:01:11]} 46. Nf2 {[%emt 0:00:06]} h5 {[%emt 0:03:02]} 47. h4 {[%emt 0:00:08]} a6 {[%emt 0:02:19]} 48. Nd3 {[%emt 0:05:45]} Bxd3 {[%emt 0:04:16]} 49. Kxd3 {[%emt 0:00:05]} Kd6 {[%emt 0:00:07]} 50. Kd2 {[%emt 0:00:19]} Kc6 {[%emt 0:01:10]} 51. Kd3 {[%emt 0:00:12]} b5 {[%emt 0:02:32]} 52. a5 1/2-1/2

[Event "IIFL Wealth 4th Mumbai GM"]
[Site "Mumbai"]
[Date "2019.01.02"]
[Round "4"]
[White "Thapa, Krishna"]
[Black "Ghelani Dhairya"]
[Result "1-0"]
[WhiteElo "2024"]
[BlackElo "2146"]
[Annotator "NA"]
[PlyCount "85"]
[EventDate "2018.12.30"]
[EventType "swiss"]
[EventCountry "IND"]
[SourceTitle "playchess.com"]
[Source "ChessBase"]
[SourceQuality "1"]
[TimeControl "40/5400+30:1800+30"]

1. d4 {[%emt 0:01:41]} Nf6 {[%emt 0:00:00]} 2. Nf3 {[%emt 0:00:02]} e6 {[%emt 0:00:00]} 3. c4 {[%emt 0:00:03]} b6 {[%emt 0:00:00]} 4. g3 {[%emt 0:00:03]} Ba6 {[%emt 0:00:00]} 5. b3 {[%emt 0:00:29]} Bb4+ {[%emt 0:00:03]} 6. Bd2 {[%emt 0:00:06]} Be7 {[%emt 0:00:04]} 7. Bg2 {[%emt 0:00:03]} c6 {[%emt 0:00:04]} 8. O-O {[%emt 0:00:14]} d5 {[%emt 0:00:17]} 9. Qc2 {[%emt 0:00:19]} O-O {[%emt 0:00:47]} 10. Rd1 {[%emt 0:02:30]} Nbd7 {[%emt 0:04:06]} 11. Bc1 {[%emt 0:00:53]} Rc8 {[%emt 0:00:42]} 12. Bb2 {[%emt 0:00:23]} Qe8 {[%emt 0:08:26]} 13. Ne5 {[%emt 0:06:35]} c5 {[%emt 0:07:27]} 14. Nxd7 {[%emt 0:23:33]} Qxd7 {[%emt 0:01:50]} 15. dxc5 {[%emt 0:00:57]} Rxc5 {[%emt 0:00:38]} 16. e4 {[%emt 0:01:38]} Qc8 {[%emt 0:03:23]} 17. e5 {[%emt 0:11:45]} Ne8 {[%emt 0:02:46]} 18. Ba3 {[%emt 0:03:36]} Rc7 {[%emt 0:00:01]} 19. Bxe7 {[%emt 0:00:06]} Rxe7 {[%emt 0:00:01]} 20. Nd2 {[%emt 0:00:15]} dxc4 {[%emt 0:01:21]} 21. bxc4 {[%emt 0:00:08]} f6 {[%emt 0:03:24]} 22. Qe4 {[%emt 0:04:58]} fxe5 {[%emt 0:02:27]} 23. Qxe5 Rf5 {[%emt 0:01:00]} 24. Qe3 {[%emt 0:02:02]} Nf6 {[%emt 0:10:28]} 25. h3 {[%emt 0:04:41]} Rc5 {[%emt 0:03:13]} 26. Bf1 {[%emt 0:11:24]} Bb7 {[%emt 0:06:56]} 27. Be2 {[%emt 0:05:00]} Qc7 {[%emt 0:04:40]} 28. Nf3 {[%emt 0:03:01]} Ne4 {[%emt 0:02:12]} 29. Kh2 {[%emt 0:05:15]} e5 {[%emt 0:14:54]} 30. Nh4 {[%emt 0:05:25]} Rf7 {[%emt 0:01:48]} 31. f3 {[%emt 0:01:21]} Nd6 {[%emt 0:00:15]} 32. Rac1 {[%emt 0:01:16]} Ba6 {[%emt 0:03:35]} 33. Rd5 {[%emt 0:02:19]} Rc6 {[%emt 0:06:38]} 34. c5 {[%emt 0:01:33]} bxc5 {[%emt 0:00:42]} 35. Bxa6 {[%emt 0:00:58]} Rxa6 {[%emt 0:00:01]} 36. Rcxc5 {[%emt 0:01:10]} Rxa2+ {[%emt 0:00:10]} 37. Ng2 {[%emt 0:00:02]} Qe7 {[%emt 0:01:33]} 38. Qb3 {[%emt 0:00:26]} Rf2 {[%emt 0:00:43]} 39. Rxd6 {[%emt 0:00:38]} Qxd6 {[%emt 0:00:12]} 40. Rc8+ {[%emt 0:00:00]} Qf8 {[%emt 0:00:00]} 41. Rxf8+ {[%emt 0:00:12]} Kxf8 {[%emt 0:00:07]} 42. Qb8+ {[%emt 0:00:16]} Ke7 {[%emt 0:00:01]} 43. Qxa7+ {[%emt 0:00:01]} 1-0

[Event "IIFL Wealth 4th Mumbai GM"]
[Site "Mumbai"]
[Date "2019.01.02"]
[Round "4"]
[White "Trisha Kanyamarala"]
[Black "Raahul V S"]
[Result "1-0"]
[WhiteElo "1942"]
[BlackElo "2381"]
[Annotator "TA"]
[PlyCount "81"]
[EventDate "2018.12.30"]
[EventType "swiss"]
[EventCountry "IND"]
[SourceTitle "playchess.com"]
[Source "ChessBase"]
[SourceQuality "1"]

{[%evp 23,81,-17,-11,-23,-13,-16,-17,-12,14,14,15,13,17,-30,173,191,181,134,168,153,181,151,174,130,160,150,187,179,237,220,222,222,294,294,293,294,495,497,516,495,487,487,472,456,480,466,716,700,951,700,5501,5193,6087,6054,5210,5181,29974,29975,29980,29981]} 1. d4 Nf6 2. c4 g6 3. Nf3 Bg7 4. g3 d5 5. cxd5 Nxd5 6. Bg2 O-O 7. O-O Nc6 8. e4 Nb6 9. d5 Na5 10. Nc3 c6 11. dxc6 Qxd1 {D76: Fianchetto Grünfeld: Main Line with 7...Nb6} (11... Nxc6 12. Be3 Nc4 13. Qe2 Nxe3 14. Qxe3 Qb6 15. Qxb6 axb6 16. Rfd1 b5 17. Nxb5 Bxb2 18. Rab1 Bg7 19. Rd2 Rd8 {0-1 (62) Tsoi,D (2429)-Chigaev,M (2599) Sochi 2018}) 12. Rxd1 Nxc6 {LiveBook: 4 Games} 13. Nd5 Bg4 {Black has an edge.} 14. h3 Bxf3 15. Bxf3 Na4 16. Rb1 e6 17. b3 $1 {[%cal Rb3a4]} Nc5 $146 ({Predecessor:} 17... exd5 18. bxa4 Nd4 19. Kg2 Nxf3 20. Kxf3 dxe4+ 21. Kxe4 {1-0 (72) Luce,S (2330)-Staeger,P (2110) France 2009}) 18. Be3 (18. Ba3 {is interesting.} b6 19. Ne3 Rac8 20. Rbc1 Nd4 21. Kg2) 18... exd5 $2 (18... Na6 $11) 19. Bxc5 $18 Rfc8 {[#] ...Ne5 is the strong threat.} 20. Rxd5 b6 21. Be3 Nb4 22. Rd2 Bc3 23. Re2 Rd8 24. e5 {Threatens to win with Bg5.} Rac8 25. Bg4 Rc6 (25... Rb8 $142 26. Bh6 Rd3) 26. a3 Nd3 27. Rd1 {And now Rc2 would win.} Bxe5 28. Bg5 f6 {[#]} 29. Rxe5 $1 {[%mdl 576] Pin} Rdd6 $2 (29... fxg5 30. Re7 (30. Rxg5 Rcd6 $14) 30... Rcd6) (29... Nxe5 30. Rxd8+) 30. Re3 Nxf2 31. Kxf2 Rxd1 32. Bxd1 {aiming for Bh6.} fxg5 {[%mdl 4096] Endgame KRB-KR} 33. Re7 a5 34. Be2 h5 (34... a4 $142 35. bxa4 Rc3) 35. Bc4+ Kf8 36. Re6 Rxe6 37. Bxe6 Ke7 38. Bc4 Kd6 39. Ke3 Ke5 40. g4 h4 41. a4 {Accuracy: White = 94%, Black = 18%.} 1-0